000 00421nam a2200169 a 4500
001 22601
005 20180713220528.0
008 140415s1972 000 0 spa d
020 _a0333197739
041 _aspa
082 _a910.9
_bMAC
100 1 _aMACINTOSH, JOAN
245 1 0 _aEXPLORING OUR WORLD
260 _a[s.l.] :
_bMACMILLAN EDUCATION LIMITED,
_c1972
300 _a65
650 1 4 _aVIAJES
999 _c22601
_d22601